000 00826nam a2200217Ia 4500
001 15450
005 20260318174438.0
008 260306t2016||||xx |||||||||||||| ||und||
041 _aESP
082 _a540
_bH36 2016
100 _aHein, Morris
_eAUT
245 0 _aFundamentos de química
260 _c2016
300 _axx, 511 páginas :
_c27 cm.
650 _aGEN
654 _aCCN
856 _uhttps://itmsp.museknowledge.com/UCSP?url=https://www.ebooks7-24.com:443/?il=8214&pg=1
_zVersión digital (2018)
856 _uhttps://0u213t1fy-y-https-ebooks7--24-com.itmsp.museknowledge.com/biblioteca.aspx
_zVéase además: Base de datos Ebook7-24
856 _uhttps://0u20ft1g1-y-https-research-ebsco-com.itmsp.museknowledge.com/c/qxo6us/search
_zVéase además: Base de datos EBSCOhost
942 _cLIB
_dJUS
_fJUS
_2ddc
999 _c15450
_d15450